Lectures on gas chromatography.

Volumes for 1962- based on lectures presented at the advanced sessions of the 4th- Gas Chromatography Institute.

Bibliographic Details
Previous Title:Progress in industrial gas chromatography
Corporate Author: Gas Chromatography Institute
Other Authors: Szymanski, Herman A. (Editor)
Format: Conference Proceeding
Language:English
Published: New York : Plenum Press.
Subjects:
Online Availability: Check for online availability

MARC

Tag First Indicator Second Indicator Subfields
LEADER 00000cas a22000007i 4500
001 in00000043204
008 751101d19621966nyuar m 0 a0eng d
005 20250421174448.5
010 |z  61015520  
016 7 |a 011753595  |2 DE-101 
016 7 |a 281830-9  |2 DE-600 
019 |a 2263467 
022 |a 0075-8515  |2 1 
029 1 |a AU@  |b 000007299144 
029 1 |a GBVCP  |b 129856789 
029 1 |a HEBIS  |b 064835898 
029 1 |a NLGGC  |b 116182687 
035 |a (OCoLC)ocm01755696 
035 |a (OCoLC)1755696  |z (OCoLC)2263467 
035 |a (OCoLC)ocm01755696 
040 |a MUL  |b eng  |e rda  |c MUL  |d EEM  |d OCL  |d OCLCQ  |d MDD  |d CUV  |d AU@  |d HEBIS  |d GBVCP  |d AGL  |d OCLCF  |d OCLCO  |d OCL  |d OCLCO  |d GZH  |d OCLCO  |d CSA  |d OCLCO  |d CNO  |d OCLCO  |d INT  |d OCLCQ  |d OCLCO  |d FLARE  |d OCLCQ  |d OCLCO 
050 4 |a TP156.C5  |b L4 
082 0 4 |a 544.92 
084 |a 740  |2 zdbs 
245 0 0 |a Lectures on gas chromatography. 
264 1 |a New York :  |b Plenum Press. 
300 |a volumes :  |b illustrations 
310 |a Annual 
336 |a text  |b txt  |2 rdacontent 
337 |a unmediated  |b n  |2 rdamedia 
338 |a volume  |b nc  |2 rdacarrier 
362 0 |a 1962-1966. 
500 |a Volumes for 1962- based on lectures presented at the Gas Chromatography Institute. 
500 |a Editor: 1962- H.A. Szymanski. 
520 8 |a Volumes for 1962- based on lectures presented at the advanced sessions of the 4th- Gas Chromatography Institute. 
650 0 |a Gas chromatography  |x Industrial applications. 
650 0 |a Gas chromatography  |v Congresses. 
650 0 |a Gas chromatography. 
650 2 |a Chromatography, Gas 
650 7 |a gas chromatography.  |2 aat 
650 7 |a Gas chromatography.  |2 fast  |0 (OCoLC)fst00938168 
650 7 |a Gas chromatography  |x Industrial applications.  |2 fast  |0 (OCoLC)fst00938172 
655 7 |a Conference papers and proceedings.  |2 fast  |0 (OCoLC)fst01423772 
700 1 |a Szymanski, Herman A.,  |e editor. 
711 2 |a Gas Chromatography Institute. 
776 0 8 |i Online version:  |t Lectures on gas chromatography  |w (OCoLC)755250078 
780 0 0 |t Progress in industrial gas chromatography  |w (OCoLC)2449896 
948 |h HELD BY TXA - 111 OTHER HOLDINGS 
994 |a Z0  |b TXA 
999 f f |s e32e5abe-2499-3875-a6c4-9a3269d4b01a  |i 1c2210b2-6016-36b6-b90d-838d27d90968  |t 0 
952 f f |p normal  |a Texas A&M University  |b College Station  |c Sterling C. Evans Library  |d Evans: Library Stacks  |t 0  |e TP156.C5 L4  |h Library of Congress classification  |i unmediated -- volume  |l 1966  |m A14810057789 
998 f f |a TP156.C5 L4  |s 1962,1964,1966  |t 0  |l Evans: Library Stacks